00446pab a2200145 454500008004000000100001600040245008900056260000900145300001400154362001200168650004400180650003800224650002100262773001700283180718b2005 xxu||||| |||| 00| 0 eng d aBasheer, A. aExperience of decentralisation in Kerala: a post-73rd (constitution) amendment phase c2005 ap.81-114. aJan-Mar aIndia. Constitution - Amendments - 73rd aDecentralization - India - Kerala aDecentralization aISDA Journal